Dictionary of games and sports / (Record no. 153150)

MARC details
000 -LEADER
fixed length control field 00624nam a22002057a 4500
005 - DATE AND TIME OF LATEST TRANSACTION
control field 20180627142035.0
008 - FIXED-LENGTH DATA ELEMENTS--GENERAL INFORMATION
fixed length control field 180627b xxu||||| |||| 00| 0 eng d
010 ## - LCCN (DPL NO)
LC control number B-021982
020 ## - INTERNATIONAL STANDARD BOOK NUMBER
International Standard Book Number 818619097-X
Terms of availability 395.00
035 ## - SYSTEM CONTROL NUMBER
System control number B-021982
037 ## - SOURCE OF ACQUISITION
Source of stock number/acquisition BPPD/PUB
040 ## - CATALOGING SOURCE
Original cataloging agency DPL
Language of cataloging ENG
082 ## - DEWEY DECIMAL CLASSIFICATION NUMBER
Classification number 796.03
100 ## - MAIN ENTRY--PERSONAL NAME
Personal name Sharma, Kishore
245 ## - TITLE STATEMENT
Title Dictionary of games and sports /
Statement of responsibility, etc by Kishore Sharma
260 ## - PUBLICATION, DISTRIBUTION, ETC. (IMPRINT)
Place of publication, distribution, etc New Delhi
Name of publisher, distributor, etc Sports Publication
Date of publication, distribution, etc 2000
270 ## - ADDRESS
Address WP-474, 1st floor , Shiv Market, Ashok Vihar
City New delhi
Postal code 110052
300 ## - PHYSICAL DESCRIPTION
Extent 246p.;
Dimensions 22 cm.(Hb)
942 ## - ADDED ENTRY ELEMENTS (KOHA)
Source of classification or shelving scheme Dewey Decimal Classification
Item type English Books
Call number suffix SHA
Classification part 796.03
Holdings
Withdrawn status Lost status Source of classification or shelving scheme Damaged status Not for loan Collection code Home library Current library Date acquired Source of acquisition Cost, normal purchase price Total Checkouts Full call number Barcode Date last seen Cost, replacement price Koha item type
    Dewey Decimal Classification     Non-fiction Shahdara Branch Shahdara Branch 27/06/2018 BPPD/PUB 395.00   796.03 SHA B-021982 27/06/2018 395.00 English Books

© Delhi Public Library
Hit Counter
free hit counter